00962nam a2200241 a 450000100060000000300080000600500170001400800410003103500190007204000320009104100080012308200260013110000380015724501200019526000500031530000350036550400510040065000430045165100510049494200120054599900170055795201460057457921BD-RjUL20211209080551.0161212s1958 ilua b 001 0 eng  a(BD-RjUL)58045 aDLCcCWRdSERdBD-RjULbeng aeng00a323.354223bLEV 19581 aLewis, Oscar,d1914-1970.917203010aVillage life in northern India :bstudies in a Delhi village /cby Oscar Lewis ; with assistance of Victor Barnouw. aUrbana :bUniversity of Illinois Press,c1958 axiii, 384 p. :bill. ;c27 cm. aIncludes index and Bibliography: p. [357]-364. 0aVillageszIndiavCase studies.9172031 0aIndiaxRural conditionsvCase studies.9172032 2ddccBK c57921d57921 00102ddc40708NFICaRUCLbRUCLcStackd1961-08-26eMirga book Agencyg37.50l0o323.354 LEV 1958r2016-12-12 00:00:00tC-2w2016-12-12yBK